Essentials of shared services / (Record no. 347870)
[ view plain ]
| 000 -LEADER | |
|---|---|
| fixed length control field | 01644 a2200193 4500 |
| 020 ## - INTERNATIONAL STANDARD BOOK NUMBER | |
| International Standard Book Number | 0471250791 (paperback) |
| 020 ## - INTERNATIONAL STANDARD BOOK NUMBER | |
| International Standard Book Number | 9780471250791 (paperback) |
| 082 04 - DEWEY DECIMAL CLASSIFICATION NUMBER | |
| Classification number | 658.402 |
| 090 ## - LOCALLY ASSIGNED LC-TYPE CALL NUMBER (OCLC); LOCAL CALL NUMBER (RLIN) | |
| -- | 5463 |
| -- | 5463 |
| 100 1# - MAIN ENTRY--PERSONAL NAME | |
| Personal name | Bergeron, Bryan. |
| 245 10 - TITLE STATEMENT | |
| Title | Essentials of shared services / |
| Statement of responsibility, etc. | Bryan Bergeron. |
| 260 ## - PUBLICATION, DISTRIBUTION, ETC. | |
| Place of publication, distribution, etc. | [S.l.] : |
| Name of publisher, distributor, etc. | Wiley, |
| Date of publication, distribution, etc. | 2002. |
| 300 ## - PHYSICAL DESCRIPTION | |
| Extent | 272 p. ; |
| Dimensions | 23 cm. |
| 490 1# - SERIES STATEMENT | |
| Series statement | Essentials series. |
| 520 ## - SUMMARY, ETC. | |
| Summary, etc. | Learn what shared services is–and is not Implementation issues of shared services Management challenges of shared services Technical aspects of shared services, including enabling information technologies Best practices of shared services, including how to evaluate implementations Full of valuable tips, techniques, illustrative real-world examples, exhibits, and best practices, this handy and concise paperback will help you stay up to date on the newest thinking, strategies, developments, and technologies in shared services. "Shared Services is a business model with which every CEO should be familiar. In today’s complex business environment, even if you’re not using shared services, you’re likely to be serving or being serviced by a company using this model. Bryan Bergeron’s book provides a solid, easily absorbed, and practical overview of shared services. It belongs on every CEO’s bookshelf." –Aaron Kleiner Cofounder, MIT Enterprise Forum CFO, Kurzweil Techn |
| 830 ## - SERIES ADDED ENTRY--UNIFORM TITLE | |
| Uniform title | Essen |
| 856 ## - ELECTRONIC LOCATION AND ACCESS | |
| Materials specified | Amazon.com |
| Uniform Resource Identifier | <a href="http://www.amazon.com/exec/obidos/ASIN/0471250791/ch">http://www.amazon.com/exec/obidos/ASIN/0471250791/ch</a> |
| 942 ## - ADDED ENTRY ELEMENTS (KOHA) | |
| Institution code [OBSOLETE] | NBS |
| Koha item type | Book |
| Call number prefix | 658.402 BER |
| Withdrawn status | Lost status | Damaged status | Not for loan | Permanent Location | Current Location | Date acquired | Total Checkouts | Full call number | Barcode | Date last seen | Price effective from | Koha item type |
|---|---|---|---|---|---|---|---|---|---|---|---|---|
| Central Library (CL) | Central Library (CL) | 08/28/2013 | 658.402 BER | NBSD-184 | 08/28/2013 | 08/28/2013 | Book | |||||
| Central Library (CL) | Central Library (CL) | 08/28/2013 | 658.402 BER | NBSD-185 | 08/28/2013 | 08/28/2013 | Book |
